Taskmaster Contestants - Statistics

General Stats
  • This quiz has been taken 316 times
    45 since last reset
  • The average score is 76 of 135
Answer Stats
Answer % Correct
Frank Skinner
92%
Jon Richardson
92%
Josh Widdicombe
92%
Noel Fielding
92%
Richard Osman
92%
Romesh Ranganathan
92%
Aisling Bea
88%
Bob Mortimer
88%
James Acaster
88%
Katherine Ryan
88%
Roisin Conaty
88%
Tim Key
88%
Mel Giedroyc
84%
Rhod Gilbert
84%
Rob Beckett
84%
Doc Brown
80%
Joe Lycett
80%
Joe Thomas
80%
Nish Kumar
80%
Rose Matafeo
80%
Ed Gamble
76%
Jessica Knappett
76%
Jo Brand
76%
Joe Wilkinson
76%
Kerry Godliman
76%
Kiell Smith-Bynoe
76%
Lou Sanders
76%
Mark Watson
76%
Rosie Ramsey
76%
Tim Vine
76%
Chris Ramsey
72%
Hugh Dennis
72%
Judi Love
72%
Mae Martin
72%
Phil Wang
72%
Richard Herring
72%
Sam Campbell
72%
Sara Pascoe
72%
Stevie Martin
72%
Victoria Coren Mitchell
72%
Bridget Christie
68%
Dara Ó Briain
68%
David Baddiel
68%
Jenny Eclair
68%
Katy Wix
68%
Liza Tarbuck
68%
Lolly Adefope
68%
Maisie Adam
68%
Paul Chowdhry
68%
Paul Sinha
68%
Rosie Jones
68%
Russell Howard
68%
Sally Phillips
68%
Sue Perkins
68%
Alice Levine
64%
David James
64%
Fern Brady
64%
Greg James
64%
Iain Stirling
64%
Ivo Graham
64%
Jason Mantzoukas
64%
Lee Mack
64%
Lucy Beaumont
64%
Susan Wokoma
64%
Alan Davies
60%
Al Murray
60%
Frankie Boyle
60%
Jack Dee
60%
Jamali Maddix
60%
Johnny Vegas
60%
John Robins
60%
Katherine Parkinson
60%
Mathew Baynton
60%
Mawaan Rizwan
60%
Mike Wozniak
60%
Ardal O'Hanlon
56%
Asim Chaudhry
56%
Daisy May Cooper
56%
Guz Khan
56%
Morgana Robinson
56%
Nick Mohammed
56%
Sian Gibson
56%
Fatiha El-Ghorri
52%
Julian Clary
52%
Reece Shearsmith
52%
Sophie Duker
52%
Susie Dent
52%
Andy Zaltzman
48%
Charlotte Ritchie
48%
Dave Gorman
48%
Desiree Burch
48%
Emma Sidi
48%
Joanne McNally
48%
Joel Dommett
48%
Phil Ellis
48%
Rose Ayling-Ellis
48%
Sarah Millican
48%
Steve Pemberton
48%
John Kearns
44%
Munya Chawawa
44%
Amy Gledhill
40%
Ania Magliano
40%
Joanna Page
40%
Kumail Nanjiani
40%
Mo Farah
40%
Sarah Kendall
40%
Sanjeev Bhaskar
36%
Sophie Willan
36%
Armando Iannucci
32%
Babatunde Aléshé
32%
Claudia Winkleman
28%
Sam Ryder
28%
Big Zuu
24%
Jill Scott
24%
Lenny Rush
24%
Rylan Clark-Neal
24%
Steve Backshall
24%
Hannah Fry
20%
John Hannah
20%
Jonnie Peacock
20%
Krishnan Guru-Murthy
20%
Shirley Ballas
20%
Zoe Ball
20%
Adrian Chiles
16%
Amelia Dimoldenberg
16%
Martin Lewis
16%
Nicola Coughlan
16%
Rebecca Lucy Taylor
16%
Carol Vorderman
12%
Deborah Meaden
12%
Kojey Radical
12%
Lady Leshurr
12%
Melanie Blatt
12%
Sayeeda Warsi
12%
Sue Johnston
12%
No matching quizzes found
Score Distribution
Percent of People with Each Score
Percentile by Number Answered
Your Score History
You have not taken this quiz since the last reset